000 01467nam a2200361 c 4500
999 _c376228
_d376228
003 BLK
005 20230406125606.0
008 200311b bul|||||r ||||||| ||bul||
040 _aBLK
041 _aBUL
_cBUL
080 _aФизическа география
_b911.2
_x(497.2)
_z911.2(497.2)
100 _aЙорданов, Тянко Колев
_d1914-2004
_gГеограф
_973960
139 _aЙорданов, Тянко Колев и др.
245 1 0 _aТракийска низина
_bСтопанскогеогр. характеристика
_cТянко Йорданов, Вельо Генчев Велев
257 _aBGR
260 _aСофия
_bНаука и изкуство
_c1956
300 _a226 с.
_bс ил.
_c18 см
_e3 л. к.
380 _a91
490 1 _aБиблиотека Научно-популярно географско четиво
500 _a2 063 тир. 3.40 лв.
650 4 _aТракийска низина
_9419430
700 1 _aВелев, Вельо Генчев
_eсъавт.
_9419431
852 _aЦб І 243
_bЦб
856 4 _qpdf
_u
856 4 _qpdf
_u
942 _cKNG
_n0
_s1
944 _aCR
_c2020-07-21
_kНР